Introduction to Computers (Record no. 137)

MARC details
000 -LEADER
fixed length control field 00436nam a22001697a 4500
005 - DATE AND TIME OF LATEST TRANSACTION
control field 20180201151427.0
008 - FIXED-LENGTH DATA ELEMENTS--GENERAL INFORMATION
fixed length control field 160428b xxu||||| |||| 00| 0 eng d
020 ## - INTERNATIONAL STANDARD BOOK NUMBER
ISBN 0-81-250790-4
041 ## - LANGUAGE CODE
Language code of text/sound track or separate title eng
082 ## - DEWEY DECIMAL CLASSIFICATION NUMBER
Item number 00443
Classification number 004
100 ## - MAIN ENTRY--AUTHOR NAME
Personal name Leon, Alexiz & Mathew & Leon
245 ## - TITLE STATEMENT
Title Introduction to Computers
260 ## - PUBLICATION, DISTRIBUTION, ETC. (IMPRINT)
Place of publication New Delhi
Name of publisher Lean Tech world,
Year of publication 1999
300 ## - PHYSICAL DESCRIPTION
Number of Pages 424
650 ## - SUBJECT ADDED ENTRY--TOPICAL TERM
Topical Term Information Technology
942 ## - ADDED ENTRY ELEMENTS (KOHA)
Koha item type Books
Holdings
Lost status Damaged status Collection code Home library Current library Shelving location Date acquired Source of acquisition Cost, normal purchase price Full call number Accession Number Koha item type
    CS/IT JRU Library JRU Library SHELF-48-C 28/04/2016 PURCHASE 250.00 004 00443 Books
    CS/IT JRU Library JRU Library SHELF-48-C 28/04/2016 PURCHASE 250.00 004 00444 Books
    CS/IT JRU Library JRU Library SHELF-48-C 28/04/2016 PURCHASE 250.00 004 00445 Books